Získavanie konkurenčnej výhody využívaním duševného vlastníctva v podnikatelskej činnosti diplomová práca

Uložené v:
Podrobná bibliografia
Hlavný autor: Kallo, Stanislav
Korporativný autor: Fakulta podnikového manažmentu EU. Katedra podnikovohospodárska
Ďalší autori: Križan, Martin
Médium: Kniha
Jazyk:Slovak
Vydavateľské údaje: Bratislava 2012
Tagy: Pridať tag
Žiadne tagy, Buďte prvý, kto otaguje tento záznam!

MARC

LEADER 00000nbm a2200000 4500
001 0152468
005 20161109102039.3
041 0 |a slo 
044 |a SK 
245 1 0 |a Získavanie konkurenčnej výhody využívaním duševného vlastníctva v podnikatelskej činnosti  |b diplomová práca  |c Stanislav Kallo ; školiteľ: Martin Križan 
264 1 |a Bratislava  |c 2012 
300 |a 70 s. 
100 1 |a Kallo, Stanislav 
700 1 |a Križan, Martin 
710 2 |a Fakulta podnikového manažmentu EU. Katedra podnikovohospodárska